LEADER 01087nam--2200361---450- 001 990002265780203316 005 20090220113100.0 035 $a000226578 035 $aUSA01000226578 035 $a(ALEPH)000226578USA01 035 $a000226578 100 $a20041213d1964----km-y0itay0103----ba 101 $aeng 102 $aUK 105 $a||||||||001yy 200 1 $aCase studies in European Economic Union$ethe mechanism of integration$fJames Edward Meade 210 $aLondon$cOxford University Press$d1964 215 $aVIII, 424 p.$cill.$d23 cm 410 0$12001 454 1$12001 461 1$1001-------$12001 676 $a338.914 700 1$aMEADE,$bJames Edward$0143370 801 0$bsalbc$gISBD 912 $a990002265780203316 951 $a338.914 MEA 1 (IEP III 141)$b21512 E.C.$cIEP III$d00197936 959 $aBK 969 $aECO 979 $aSIAV1$b10$c20041213$lUSA01$h1830 979 $aSIAV1$b10$c20041213$lUSA01$h1840 979 $aRSIAV3$b90$c20090220$lUSA01$h1131 996 $aCase studies in European Economic Union$91066819 997 $aUNISA LEADER 01089nam--2200373---450- 001 990001396710203316 005 20040205143011.0 035 $a000139671 035 $aUSA01000139671 035 $a(ALEPH)000139671USA01 035 $a000139671 100 $a20040205d1968----km-y0itay0103----ba 101 $aita 102 $aIT 105 $aa|||||||001yy 200 1 $aCon Garibaldi alle porte di Roma$e1867$ericordi e note$fAnton Giulio Barrili 210 $aBologna$cCappelli$d1968 215 $a182 p.$cill.$d19 cm. 225 2 $aRoma$iStoria, volto costume 410 0$12001$aRoma$iStoria, volto costume 454 1$12001 461 1$1001-------$12001 676 $a945.083 092 700 1$aBARRILI,$bAnton Giulio$0167671 801 0$aIT$bsalbc$gISBD 912 $a990001396710203316 951 $aPAP 419$bL.M.$cPAP 959 $aBK 969 $aUMA 979 $aSIAV8$b10$c20040205$lUSA01$h1428 979 $aSIAV8$b10$c20040205$lUSA01$h1430 979 $aPATRY$b90$c20040406$lUSA01$h1738 996 $aCon Garibaldi alle porte di Roma$9199554 997 $aUNISA